Geography Quiz

Random Geography or State Quiz

7-Letter Geography Challenge Quiz Stats

 Plays Quiz Updated Jan 12, 2019

Support Sporcle.
Go Orange.
Score 0/87 Timer 10:00
11 Plays Today
% Correct
Georgia
92.4%
Georgia
92.4%
Ireland
90%
Finland
89.9%
Iceland
89.5%
Germany
88.9%
Algeria
88.4%
Albania
87.8%
Alabama
87.8%
Florida
87.3%
Austria
85.9%
Denmark
85.6%
Arizona
84.7%
Armenia
84.5%
Belgium
84.3%
Hungary
83.9%
Estonia
83.5%
Andorra
83.3%
Vietnam
83.1%
Montana
82.9%
Wyoming
82.3%
Indiana
81.7%
Croatia
81.5%
Uruguay
81.1%
New York
80.9%
Vermont
80.8%
Belarus
80.6%
Eritrea
80.5%
Jamaica
80.1%
% Correct
Nigeria
79.2%
Bahamas
78.2%
Morocco
78.1%
Ecuador
78%
Bolivia
77.9%
Namibia
77.8%
Vanuatu
77.7%
Ukraine
77.5%
Bahrain
77.4%
Romania
77.3%
Tunisia
76.6%
Liberia
76.2%
Lesotho
75.1%
Atlanta
74.9%
Lebanon
74.7%
Somalia
74.5%
Moldova
72.9%
Senegal
72.6%
Grenada
72.5%
Burundi
72.5%
Comoros
72.2%
Phoenix
71.4%
Czechia
70.6%
Augusta
70.6%
Beijing
70.6%
Lansing
70.6%
Myanmar
70.4%
Olympia
70.4%
Madison
69.6%
% Correct
Algiers
68.6%
Raleigh
68.5%
Lincoln
68.4%
Trenton
67.8%
Santa Fe
67.7%
Caracas
66.9%
Concord
66.4%
Baghdad
66.2%
Jackson
66.1%
Bangkok
65.4%
Yerevan
65.2%
Jakarta
64%
Tallinn
63.1%
Vilnius
61.5%
Nicosia
60.8%
San José
60.7%
Bishkek
60.7%
Tripoli
60.6%
Kampala
59.6%
Tbilisi
58.5%
Managua
58.5%
Nairobi
57.6%
Thimphu
57.5%
Yaoundé
57%
Conakry
54.7%
Palikir
54.2%
São Tomé
54%
Honiara
53.9%
Mbabane
52.8%

You're not logged in!

Compare scores with friends on all Sporcle quizzes.
OR
Log In

From the Vault

LOTR Characters' First Lines

by dlh1231

We just tried to imagine these Lord of the Rings quotes as pickup lines, and we think some of them might work.
Remove Ads.
Support Sporcle.
Get the best of Sporcle when you Go Orange. This ad-free experience offers more features, more stats, and more fun while also helping to support Sporcle. Thank you for becoming a member.

Show Comments

Extras

Top Quizzes Today


Score Distribution

Your Account Isn't Verified!

In order to create a playlist on Sporcle, you need to verify the email address you used during registration. Go to your Sporcle Settings to finish the process.

Report this User

Report this user for behavior that violates our Community Guidelines.

Details: